[Event "Iranian Men Championship Final 1399"]
[Site "Tehran"]
[Date "2021.04.08"]
[Round "6"]
[Board "3"]
[White "Darini, Pouria"]
[Black "Jahedi, Mani"]
[Result "1-0"]
[WhiteElo "2432"]
[BlackElo "2201"]
[PlyCount "0"]
[EventDate "2021.04.05"]
[EventRounds "15"]
[EventCountry "IRI"]

1. e4 {[%clk 1:30:58]} c5 {[%clk 1:24:48]} 2. Nf3 {[%clk 1:31:09]} g6
{[%clk 1:25:11]} 3. Bc4 {[%clk 1:31:29]} Nc6 {[%clk 1:24:42]} 4. c3
{[%clk 1:31:33]} Nf6 {[%clk 1:20:19]} 5. e5 {[%clk 1:31:47]} d5 {[%clk 1:19:57]}
6. Bb5 {[%clk 1:31:59]} Ng4 {[%clk 1:15:30]} 7. d4 {[%clk 1:29:03]} Qb6
{[%clk 1:02:20]} 8. Qe2 {[%clk 1:25:05]} a6 {[%clk 1:00:36]} 9. Bxc6+
{[%clk 1:23:47]} bxc6 {[%clk 0:57:15]} 10. O-O {[%clk 1:13:35]} a5
{[%clk 0:51:55]} 11. Re1 {[%clk 1:11:39]} Ba6 {[%clk 0:40:07]} 12. Qd1
{[%clk 1:11:41]} e6 {[%clk 0:36:32]} 13. h3 {[%clk 1:07:52]} Nh6 {[%clk 0:36:54]}
14. dxc5 {[%clk 0:56:25]} Qxc5 {[%clk 0:36:24]} 15. Bg5 {[%clk 0:56:33]} Qa7
{[%clk 0:33:22]} 16. Nbd2 {[%clk 0:44:20]} Nf5 {[%clk 0:27:27]} 17. Nb3
{[%clk 0:44:26]} h6 {[%clk 0:15:38]} 18. Bf6 {[%clk 0:44:28]} Rg8
{[%clk 0:16:03]} 19. Nxa5 {[%clk 0:40:05]} Qb6 {[%clk 0:15:39]} 20. b4
{[%clk 0:40:17]} Ng3 {[%clk 0:12:40]} 21. Nd4 {[%clk 0:35:10]} Ne4
{[%clk 0:11:42]} 22. Rxe4 {[%clk 0:29:50]} dxe4 {[%clk 0:12:01]} 23. Qb3
{[%clk 0:29:14]} Bc8 {[%clk 0:09:45]} 24. Nc4 {[%clk 0:27:49]} Qc7
{[%clk 0:03:08]} 25. Rd1 {[%clk 0:24:58]} Bd7 {[%clk 0:02:37]} 26. a4
{[%clk 0:25:19]} Rb8 {[%clk 0:01:11]} 27. Nc2 {[%clk 0:19:55]} Be7
{[%clk 0:00:51]} 28. Nd6+ {[%clk 0:19:08]} Kf8 {[%clk 0:01:15]} 29. Nxe4
{[%clk 0:17:08]} g5 {[%clk 0:01:01]} 30. Qc4 {[%clk 0:17:13]} c5 {[%clk 0:01:02]}
31. b5 {[%clk 0:16:01]} Rd8 {[%clk 0:00:36]} 32. Ne3 {[%clk 0:15:32]} Bxf6
{[%clk 0:00:35]} 33. Nxf6 {[%clk 0:15:39]} Rg6 {[%clk 0:00:36]} 34. b6
{[%clk 0:13:56]} Qb7 {[%clk 0:00:32]} 35. Qxc5+ {[%clk 0:14:05]} Kg7
{[%clk 0:01:01]} 36. Qc7 {[%clk 0:14:06]}  1-0

[Event "Iranian Men Championship Final 1399"]
[Site "Tehran"]
[Date "2021.04.08"]
[Round "6"]
[Board "4"]
[White "Daneshvar, Bardiya"]
[Black "Gholami Orimi, Mahdi"]
[Result "1/2-1/2"]
[WhiteElo "2401"]
[BlackElo "2428"]
[PlyCount "0"]
[EventDate "2021.04.05"]
[EventRounds "15"]
[EventCountry "IRI"]

1. Nf3 {[%clk 1:30:57]} Nf6 {[%clk 1:30:48]} 2. c4 {[%clk 1:31:09]} e6
{[%clk 1:31:11]} 3. g3 {[%clk 1:31:25]} d5 {[%clk 1:31:33]} 4. Bg2
{[%clk 1:31:41]} dxc4 {[%clk 1:31:55]} 5. Qa4+ {[%clk 1:31:58]} Nbd7
{[%clk 1:32:21]} 6. Qxc4 {[%clk 1:32:12]} a6 {[%clk 1:32:47]} 7. Qc2
{[%clk 1:31:20]} c5 {[%clk 1:32:35]} 8. O-O {[%clk 1:30:14]} b5 {[%clk 1:32:51]}
9. Ne5 {[%clk 1:21:47]} Nd5 {[%clk 1:32:25]} 10. Nxd7 {[%clk 1:20:33]} Qxd7
{[%clk 1:32:02]} 11. Nc3 {[%clk 1:19:21]} Bb7 {[%clk 1:31:49]} 12. Nxd5
{[%clk 1:16:16]} exd5 {[%clk 1:25:24]} 13. d4 {[%clk 1:11:32]} c4  1/2-1/2

[Event "Iranian Men Championship Final 1399"]
[Site "Tehran"]
[Date "2021.04.08"]
[Round "6"]
[Board "5"]
[White "Atakhan, Abtin"]
[Black "Mousavi, Seyed Khalil"]
[Result "1/2-1/2"]
[WhiteElo "2294"]
[BlackElo "2522"]
[PlyCount "0"]
[EventDate "2021.04.05"]
[EventRounds "15"]
[EventCountry "IRI"]

1. d4 Nf6 {[%clk 1:30:27]} 2. Nf3 {[%clk 1:27:53]} d5 {[%clk 1:30:06]} 3. g3 e6
{[%clk 1:30:14]} 4. c4 {[%clk 1:28:09]} g6 {[%clk 1:30:32]} 5. Bg2
{[%clk 1:28:10]} Bg7 {[%clk 1:30:48]} 6. O-O {[%clk 1:28:21]} O-O
{[%clk 1:31:10]} 7. Qc2 {[%clk 1:28:13]} Nc6 {[%clk 1:30:54]} 8. Rd1
{[%clk 1:25:32]} Qe7 {[%clk 1:28:44]} 9. Bf4 {[%clk 1:20:08]} Rd8
{[%clk 1:25:39]} 10. Ne5 Nh5 {[%clk 1:17:05]} 11. Nxc6 {[%clk 1:18:37]} bxc6
{[%clk 1:17:21]} 12. Be3 {[%clk 1:18:32]} Rb8 {[%clk 1:14:18]} 13. Nc3
{[%clk 1:11:52]} Ba6 {[%clk 1:05:04]} 14. cxd5 {[%clk 0:52:00]} cxd5
{[%clk 1:04:50]} 15. Qa4 {[%clk 0:47:50]} Rb6 16. Qc2 {[%clk 0:47:50]} c5 17. Na4
{[%clk 0:47:50]} cxd4 18. Bxd4 {[%clk 0:47:50]} Rc8 19. Nc3 Rb4 {[%clk 0:36:48]}
20. Bxg7 {[%clk 0:32:42]} Nxg7 21. e3 {[%clk 0:30:48]} Nf5 {[%clk 0:34:04]} 22.
Qd2 {[%clk 0:30:12]} d4 {[%clk 0:30:28]} 23. exd4 {[%clk 0:29:42]} Nxd4 24. Rac1
{[%clk 0:23:42]} Rcb8 {[%clk 0:24:23]} 25. b3 Bb7 26. Qe3 {[%clk 0:18:58]} Nf5
{[%clk 0:17:53]} 27. Qe5 {[%clk 0:16:56]} Bxg2 {[%clk 0:18:09]} 28. Kxg2
{[%clk 0:15:15]} Qg5 {[%clk 0:17:21]} 29. Kh1 Rc8 {[%clk 0:09:34]} 30. f4
{[%clk 0:06:35]} Qg4 31. Rd3 Ne7 {[%clk 0:07:43]} 32. Rcd1 {[%clk 0:03:23]} Nc6
{[%clk 0:07:57]} 33. Qc5 Qf5 {[%clk 0:06:57]} 34. Qxf5 {[%clk 0:02:52]} gxf5 35.
Na4 {[%clk 0:02:34]} Rbb8 {[%clk 0:06:45]} 36. R1d2 Nb4 {[%clk 0:05:07]} 37. Rd7
{[%clk 0:02:31]} a6 {[%clk 0:04:29]} 38. Kg2 {[%clk 0:02:49]} Nd5
{[%clk 0:04:18]} 39. Rd6 {[%clk 0:02:32]} a5 {[%clk 0:04:18]} 40. Kh3 Rb5
{[%clk 0:03:40]} 41. Kh4 {[%clk 0:01:18]} Rc1 {[%clk 0:03:23]} 42. Nb2 Nf6
{[%clk 0:01:32]} 43. Rd1 {[%clk 0:01:09]} Rc7 {[%clk 0:01:22]} 44. h3
{[%clk 0:00:58]} Kg7 {[%clk 0:01:15]} 45. Nc4 {[%clk 0:01:08]} a4
{[%clk 0:01:28]} 46. R6d3 axb3 {[%clk 0:01:19]} 47. axb3 {[%clk 0:01:53]} Ne4 48.
Ne5 {[%clk 0:01:11]} Nc5 {[%clk 0:00:50]} 49. Rc3 {[%clk 0:00:37]} Rcb7
{[%clk 0:00:46]} 50. Rd8 {[%clk 0:00:47]} f6 {[%clk 0:00:49]} 51. Nf3
{[%clk 0:00:33]} Ne4 {[%clk 0:01:00]} 52. Rcc8 {[%clk 0:00:37]} Rxb3
{[%clk 0:01:10]} 53. Nd4 R3b6 {[%clk 0:00:45]} 54. Rg8+ {[%clk 0:00:48]} Kh6
{[%clk 0:00:58]} 55. Rcf8 {[%clk 0:00:42]} Rg7 {[%clk 0:00:38]} 56. g4 Rxg8
{[%clk 0:00:36]} 57. Rxg8 {[%clk 0:01:11]} fxg4 58. hxg4 {[%clk 0:01:17]} Rb1
{[%clk 0:00:49]} 59. Kh3 {[%clk 0:01:24]} Rb6 {[%clk 0:00:38]} 60. Kh4 Rb1
{[%clk 0:00:41]} 61. Kh3 {[%clk 0:01:43]} Nf2+ {[%clk 0:00:34]} 62. Kh4
{[%clk 0:00:44]} Ne4 {[%clk 0:00:32]} 63. Kh3 Rb6 {[%clk 0:00:39]} 64. Kh4
{[%clk 0:01:28]}  1/2-1/2

[Event "Iranian Men Championship Final 1399"]
[Site "Tehran"]
[Date "2021.04.08"]
[Round "6"]
[Board "6"]
[White "Tabatabaei, M.Amin"]
[Black "Nikookar, Mahdi"]
[Result "0-1"]
[WhiteElo "2629"]
[BlackElo "2239"]
[PlyCount "0"]
[EventDate "2021.04.05"]
[EventRounds "15"]
[EventCountry "IRI"]

1. d4 {[%clk 1:27:55]} f5 {[%clk 1:29:58]} 2. g3 {[%clk 1:27:42]} Nf6
{[%clk 1:30:08]} 3. Bg2 {[%clk 1:27:57]} g6 {[%clk 1:30:29]} 4. Nf3
{[%clk 1:28:14]} Bg7 {[%clk 1:30:53]} 5. O-O {[%clk 1:28:37]} O-O
{[%clk 1:31:16]} 6. c4 {[%clk 1:29:03]} d6 {[%clk 1:31:21]} 7. Nc3
{[%clk 1:29:27]} Qe8 {[%clk 1:31:20]} 8. d5 {[%clk 1:28:19]} Na6 {[%clk 1:31:29]}
9. Be3 {[%clk 1:27:27]} Nc5 {[%clk 1:30:58]} 10. Nb5 {[%clk 1:26:03]} Qd8
{[%clk 1:29:21]} 11. Nbd4 {[%clk 1:25:19]} Nce4 {[%clk 1:29:04]} 12. Ng5
{[%clk 1:20:00]} Nxg5 {[%clk 1:25:00]} 13. Bxg5 {[%clk 1:19:37]} h6
{[%clk 1:24:22]} 14. Bd2 {[%clk 1:15:53]} e5 {[%clk 1:23:58]} 15. dxe6
{[%clk 1:16:09]} c5 {[%clk 1:24:28]} 16. Nb5 {[%clk 1:16:04]} a6 {[%clk 1:24:24]}
17. Nc3 {[%clk 1:16:29]} Bxe6 {[%clk 1:24:47]} 18. Bxb7 {[%clk 1:09:51]} Ra7
{[%clk 1:21:49]} 19. Qb3 {[%clk 1:05:44]} Qc7 {[%clk 1:20:19]} 20. Bg2
{[%clk 1:05:31]} Rb8 {[%clk 1:18:18]} 21. Qc2 {[%clk 1:05:51]} Bxc4
{[%clk 1:15:27]} 22. Rad1 {[%clk 1:05:59]} Qe7 {[%clk 0:55:57]} 23. Bf4
{[%clk 0:58:10]} Rd7 {[%clk 0:55:58]} 24. b3 {[%clk 0:58:22]} Be6
{[%clk 0:54:57]} 25. Nd5 {[%clk 0:53:04]} Nxd5 {[%clk 0:54:58]} 26. Bxd5
{[%clk 0:53:30]} Rb4 {[%clk 0:55:17]} 27. a3 {[%clk 0:48:24]} Rd4
{[%clk 0:53:07]} 28. Rxd4 {[%clk 0:48:44]} Bxd4 {[%clk 0:52:38]} 29. Bxe6+
{[%clk 0:46:25]} Qxe6 {[%clk 0:52:54]} 30. Bxh6 {[%clk 0:46:52]} Rb7
{[%clk 0:50:40]} 31. b4 {[%clk 0:41:37]} cxb4 {[%clk 0:44:27]} 32. axb4
{[%clk 0:41:44]} Rxb4 {[%clk 0:44:48]} 33. e3 {[%clk 0:40:32]} Bc5
{[%clk 0:42:20]} 34. Qc3 {[%clk 0:35:59]} Rb7 {[%clk 0:37:23]} 35. h4
{[%clk 0:33:47]} Kh7 {[%clk 0:32:28]} 36. Bf4 {[%clk 0:33:52]} Qb3
{[%clk 0:32:11]} 37. Qf6 {[%clk 0:33:28]} Qf7 {[%clk 0:31:36]} 38. Qa1
{[%clk 0:33:28]} Rb6 {[%clk 0:30:53]} 39. Rd1 {[%clk 0:32:16]} Qb3
{[%clk 0:29:02]} 40. Kg2 {[%clk 0:32:12]} Qe6 {[%clk 0:27:25]} 41. Kh2
{[%clk 0:31:29]} Qf7 {[%clk 0:26:04]} 42. Bg5 {[%clk 0:27:40]} Qb7
{[%clk 0:24:51]} 43. Kg1 {[%clk 0:20:22]} Rb2 {[%clk 0:19:42]} 44. Bf4
{[%clk 0:16:09]} Qb5 {[%clk 0:16:55]} 45. Qc1 {[%clk 0:16:25]} Qb3
{[%clk 0:15:15]} 46. Bg5 {[%clk 0:15:18]} a5 {[%clk 0:14:58]} 47. Bf6
{[%clk 0:15:37]} Rc2 {[%clk 0:08:32]} 48. Qb1 {[%clk 0:15:11]} Qxb1
{[%clk 0:08:14]} 49. Rxb1 {[%clk 0:15:39]} a4 {[%clk 0:07:54]} 50. Rb7+
{[%clk 0:16:06]} Kg8 {[%clk 0:08:17]} 51. Rg7+ {[%clk 0:15:09]} Kf8
{[%clk 0:08:30]} 52. Rxg6 {[%clk 0:15:38]} Kf7 {[%clk 0:05:19]} 53. h5
{[%clk 0:15:32]} a3 {[%clk 0:05:29]} 54. Bh8 {[%clk 0:12:05]} a2 {[%clk 0:04:28]}
55. Rg5 {[%clk 0:12:33]} Rd2 {[%clk 0:03:17]} 56. Kg2 {[%clk 0:11:14]} Bxe3
{[%clk 0:00:34]} 57. Rxf5+ {[%clk 0:11:20]} Kg8 {[%clk 0:00:41]} 58. Ba1
{[%clk 0:04:27]} d5 {[%clk 0:01:00]} 59. Rf6 {[%clk 0:01:36]} d4 {[%clk 0:01:20]}
60. Rg6+ {[%clk 0:01:04]} Kh7 {[%clk 0:01:14]} 61. Kh3 {[%clk 0:01:09]} Rd1
{[%clk 0:01:22]} 62. Bb2 {[%clk 0:01:19]} Rb1 {[%clk 0:01:30]} 63. fxe3
{[%clk 0:01:32]} Rxb2 {[%clk 0:01:51]} 64. Ra6 {[%clk 0:02:01]} dxe3
{[%clk 0:02:12]} 65. Ra7+ {[%clk 0:02:28]} Kh6 {[%clk 0:02:26]} 66. Kg4
{[%clk 0:02:32]} e2 {[%clk 0:02:47]} 67. Ra6+ {[%clk 0:03:01]} Kg7
{[%clk 0:03:11]} 68. h6+ {[%clk 0:03:27]} Kh7 {[%clk 0:03:26]}  0-1

[Event "Iranian Men Championship Final 1399"]
[Site "Tehran"]
[Date "2021.04.08"]
[Round "6"]
[Board "7"]
[White "Daghli, Arash"]
[Black "Maghsoodloo, Parham"]
[Result "0-1"]
[WhiteElo "2431"]
[BlackElo "2676"]
[PlyCount "0"]
[EventDate "2021.04.05"]
[EventRounds "15"]
[EventCountry "IRI"]

1. e4 {[%clk 1:30:58]} c5 {[%clk 1:27:31]} 2. Nf3 {[%clk 1:31:03]} Nc6
{[%clk 1:27:55]} 3. d4 {[%clk 1:31:24]} cxd4 {[%clk 1:28:18]} 4. Nxd4
{[%clk 1:31:48]} e5 {[%clk 1:28:44]} 5. Ne2 {[%clk 1:32:03]} Bc5 {[%clk 1:25:47]}
6. Ng3 {[%clk 1:32:10]} Qf6 {[%clk 1:20:40]} 7. Be3 {[%clk 1:19:02]} Bxe3
{[%clk 1:18:46]} 8. fxe3 {[%clk 1:19:17]} Qg5 {[%clk 1:19:04]} 9. Qf3
{[%clk 1:15:09]} d6 {[%clk 1:18:35]} 10. Nc3 {[%clk 1:14:57]} Nf6
{[%clk 1:17:39]} 11. h3 {[%clk 1:10:05]} Be6 {[%clk 1:14:11]} 12. O-O-O
{[%clk 1:01:42]} O-O {[%clk 1:13:30]} 13. Kb1 {[%clk 1:01:14]} Rfd8
{[%clk 1:11:56]} 14. Be2 {[%clk 0:58:28]} h6 {[%clk 1:06:01]} 15. h4
{[%clk 0:56:39]} Qg6 {[%clk 1:06:27]} 16. Nf5 {[%clk 0:55:33]} d5
{[%clk 1:01:58]} 17. g4 {[%clk 0:46:32]} dxe4 {[%clk 0:50:33]} 18. Nxe4
{[%clk 0:45:48]} Nxg4 {[%clk 0:50:40]} 19. Ned6 {[%clk 0:43:00]} h5
{[%clk 0:48:51]} 20. Bd3 {[%clk 0:34:54]} Qf6 {[%clk 0:47:53]} 21. Rdf1
{[%clk 0:34:59]} g6 {[%clk 0:39:47]} 22. Ne4 {[%clk 0:15:30]} Qxf5
{[%clk 0:36:17]} 23. Qe2 {[%clk 0:15:52]} Rxd3 {[%clk 0:36:45]} 24. cxd3
{[%clk 0:11:20]} Bxa2+ {[%clk 0:37:01]} 25. Kxa2 {[%clk 0:11:18]} Qe6+
{[%clk 0:37:25]} 26. Kb1 {[%clk 0:09:46]} Nb4 {[%clk 0:37:50]} 27. Nc3
{[%clk 0:09:38]} Rc8 {[%clk 0:36:59]} 28. d4 {[%clk 0:09:40]} Qb3
{[%clk 0:34:16]} 29. Qd2 {[%clk 0:07:51]} Nxe3 {[%clk 0:31:39]} 30. Qxe3
{[%clk 0:08:11]} Qc2+ {[%clk 0:32:06]} 31. Ka1 {[%clk 0:08:31]} Rc6
{[%clk 0:32:32]} 32. Qe2 {[%clk 0:08:37]} Ra6+  0-1

[Event "Iranian Men Championship Final 1399"]
[Site "Tehran"]
[Date "2021.04.08"]
[Round "6"]
[Board "8"]
[White "Ghaem Maghami, Ehsan"]
[Black "Veisi, Bardia"]
[Result "1-0"]
[WhiteElo "2561"]
[BlackElo "2273"]
[PlyCount "0"]
[EventDate "2021.04.05"]
[EventRounds "15"]
[EventCountry "IRI"]

1. d4 {[%clk 1:25:35]} Nf6 {[%clk 1:30:22]} 2. Nf3 {[%clk 1:25:41]} d5
{[%clk 1:30:03]} 3. c4 {[%clk 1:25:54]} e6 {[%clk 1:28:31]} 4. g3
{[%clk 1:24:56]} Bb4+ {[%clk 1:27:36]} 5. Bd2 {[%clk 1:24:07]} Be7
{[%clk 1:27:44]} 6. Bg2 {[%clk 1:23:48]} O-O {[%clk 1:27:43]} 7. O-O
{[%clk 1:23:51]} c6 {[%clk 1:27:30]} 8. Qc2 {[%clk 1:22:39]} Nbd7
{[%clk 1:27:21]} 9. Rd1 {[%clk 1:20:29]} b6 {[%clk 1:27:12]} 10. Bf4
{[%clk 1:15:17]} Ba6 {[%clk 1:26:29]} 11. b3 {[%clk 1:11:02]} Rc8
{[%clk 1:24:42]} 12. Nc3 {[%clk 1:10:43]} Nh5 {[%clk 1:22:20]} 13. Bc1
{[%clk 1:08:38]} Nhf6 {[%clk 1:22:05]} 14. Bb2 {[%clk 1:05:47]} Qc7
{[%clk 1:18:24]} 15. e4 {[%clk 0:59:25]} dxc4 {[%clk 1:11:28]} 16. e5
{[%clk 0:38:58]} Nd5 {[%clk 1:11:03]} 17. bxc4 {[%clk 0:39:20]} Bxc4
{[%clk 1:08:48]} 18. Ne4 {[%clk 0:39:36]} b5 {[%clk 1:03:49]} 19. Neg5
{[%clk 0:38:51]} g6 {[%clk 1:03:57]} 20. h4 {[%clk 0:37:49]} c5 {[%clk 0:55:22]}
21. h5 {[%clk 0:36:46]} cxd4 {[%clk 0:49:43]} 22. Rxd4 {[%clk 0:35:11]} Nc5
{[%clk 0:20:19]} 23. Qd2 {[%clk 0:26:22]} Rfd8 {[%clk 0:13:46]} 24. hxg6
{[%clk 0:19:12]} hxg6 {[%clk 0:14:06]} 25. Rh4 {[%clk 0:19:25]} Bf8
{[%clk 0:13:33]} 26. Nh7 {[%clk 0:19:08]} Qe7 {[%clk 0:11:52]} 27. Nxf8
{[%clk 0:14:38]} Qxf8 {[%clk 0:12:15]} 28. Ng5 {[%clk 0:14:56]} Nd3
{[%clk 0:06:45]} 29. Nh7 {[%clk 0:13:29]} Qg7 {[%clk 0:06:50]} 30. Bxd5
{[%clk 0:08:46]} Nxe5 {[%clk 0:06:08]} 31. Qg5 {[%clk 0:06:07]} Nf3+
{[%clk 0:05:06]} 32. Bxf3 {[%clk 0:06:32]} Qxb2 {[%clk 0:05:15]} 33. Nf6+
{[%clk 0:06:32]} Kg7 {[%clk 0:05:28]} 34. Rh7+ {[%clk 0:05:12]} Kf8
{[%clk 0:05:46]} 35. Re1 {[%clk 0:03:56]}  1-0

[Event "Iranian Men Championship Final 1399"]
[Site "Tehran"]
[Date "2021.04.08"]
[Round "7"]
[Board "1"]
[White "Veisi, Bardia"]
[Black "Hakemi, Arman"]
[Result "1/2-1/2"]
[WhiteElo "2273"]
[BlackElo "2316"]
[PlyCount "0"]
[EventDate "2021.04.05"]
[EventRounds "15"]
[EventCountry "IRI"]

1. Nf3 {[%clk 1:21:28]} Nf6 {[%clk 1:29:27]} 2. c4 {[%clk 1:21:33]} e6
{[%clk 1:28:54]} 3. Nc3 {[%clk 1:18:31]} Bb4 {[%clk 1:26:56]} 4. Qc2
{[%clk 1:17:50]} O-O {[%clk 1:25:27]} 5. e4 {[%clk 1:16:36]} e5 {[%clk 1:16:18]}
6. Be2 {[%clk 1:14:15]} d6 {[%clk 1:01:22]} 7. a3 {[%clk 1:09:25]} Bxc3
{[%clk 0:59:07]} 8. bxc3 {[%clk 1:09:40]} Nh5 9. d4 {[%clk 0:52:27]} Nf4
{[%clk 0:38:38]} 10. Bxf4 {[%clk 0:52:21]} exf4 {[%clk 0:39:02]} 11. Qd2
{[%clk 0:43:32]} Qf6 {[%clk 0:39:03]} 12. O-O {[%clk 0:41:46]} Nc6
{[%clk 0:36:59]} 13. Rab1 {[%clk 0:42:00]} b6 {[%clk 0:34:55]} 14. h3
{[%clk 0:37:33]} Kh8 {[%clk 0:34:13]} 15. Bd3 {[%clk 0:37:44]} g5
{[%clk 0:33:20]} 16. Rb5 {[%clk 0:37:30]} Rg8 {[%clk 0:29:36]} 17. e5
{[%clk 0:34:39]} Qh6 {[%clk 0:29:51]} 18. Be4 {[%clk 0:33:57]} Bd7
{[%clk 0:29:56]} 19. Nh2 {[%clk 0:28:50]} f5 {[%clk 0:24:04]} 20. exf6
{[%clk 0:26:47]} Qxf6 {[%clk 0:24:32]} 21. Ng4 {[%clk 0:20:27]} Qg7
{[%clk 0:25:01]} 22. Bf5 {[%clk 0:20:27]} Be8 {[%clk 0:25:07]} 23. Be6
{[%clk 0:20:11]} Rf8 {[%clk 0:25:26]} 24. Rf5 {[%clk 0:17:49]} Rxf5
{[%clk 0:23:50]} 25. Bxf5 {[%clk 0:18:11]} h5 {[%clk 0:23:43]} 26. Nh2
{[%clk 0:18:34]} Qf6 {[%clk 0:24:05]} 27. Be4 {[%clk 0:18:41]} Bd7
{[%clk 0:24:20]} 28. Bf3 {[%clk 0:18:25]} Qf7 {[%clk 0:22:53]} 29. Bd5
{[%clk 0:17:38]} Qg6 {[%clk 0:23:00]} 30. h4 {[%clk 0:16:19]} Rf8
{[%clk 0:22:35]} 31. hxg5 {[%clk 0:16:35]} Qxg5 {[%clk 0:22:59]} 32. Nf3
{[%clk 0:14:18]} Qf6 {[%clk 0:23:27]} 33. Bxc6 {[%clk 0:10:07]} Bxc6
{[%clk 0:23:44]} 34. d5 {[%clk 0:10:29]} Bd7 {[%clk 0:23:56]} 35. Re1
{[%clk 0:10:51]} Rg8 {[%clk 0:14:41]} 36. Qd4 {[%clk 0:07:39]} Qxd4
{[%clk 0:14:48]} 37. Nxd4 {[%clk 0:08:01]} Bh3 {[%clk 0:14:30]} 38. Kh2
{[%clk 0:06:09]} Bxg2 {[%clk 0:14:52]} 39. f3 {[%clk 0:03:15]} h4 40. Re4
{[%clk 0:03:15]} Bf1 41. Rxf4 {[%clk 0:03:15]} Rg2+ 42. Kh1 h3 43. Ne6
{[%clk 0:02:10]} Rc2 44. Nxc7 {[%clk 0:01:59]} Rxc3 {[%clk 0:05:14]} 45. Nb5
{[%clk 0:01:50]} Rc1 {[%clk 0:04:22]} 46. Kh2 {[%clk 0:02:12]} Bxc4
{[%clk 0:04:19]} 47. Nxd6 {[%clk 0:02:34]} Bxd5 {[%clk 0:04:40]} 48. Kxh3
{[%clk 0:02:57]} Rc3 {[%clk 0:04:54]} 49. Nb5 {[%clk 0:03:14]} Rb3
{[%clk 0:04:44]} 50. Nxa7 {[%clk 0:03:26]} Bxf3 {[%clk 0:04:41]} 51. a4
{[%clk 0:03:49]} Bd1+ {[%clk 0:04:56]} 52. Kh4 {[%clk 0:03:55]} Ra3
{[%clk 0:04:50]} 53. Nc8 {[%clk 0:04:18]} Rxa4 54. Rxa4 {[%clk 0:04:41]} Bxa4
{[%clk 0:05:11]} 55. Nxb6  1/2-1/2

[Event "Iranian Men Championship Final 1399"]
[Site "Tehran"]
[Date "2021.04.08"]
[Round "7"]
[Board "2"]
[White "Maghsoodloo, Parham"]
[Black "Ghaem Maghami, Ehsan"]
[Result "1-0"]
[WhiteElo "2676"]
[BlackElo "2561"]
[PlyCount "0"]
[EventDate "2021.04.05"]
[EventRounds "15"]
[EventCountry "IRI"]

1. d4 {[%clk 1:30:58]} Nf6 {[%clk 1:22:40]} 2. c4 {[%clk 1:31:22]} e6
{[%clk 1:23:01]} 3. Nc3 {[%clk 1:31:47]} Bb4 {[%clk 1:23:15]} 4. e3
{[%clk 1:32:09]} c5 {[%clk 1:21:54]} 5. Nge2 {[%clk 1:32:31]} cxd4
{[%clk 1:21:04]} 6. exd4 {[%clk 1:32:55]} d5 {[%clk 1:21:16]} 7. c5
{[%clk 1:33:20]} Ne4 {[%clk 1:15:59]} 8. Bd2 {[%clk 1:33:44]} Bxc3
{[%clk 1:12:58]} 9. Nxc3 {[%clk 1:33:59]} Nc6 {[%clk 1:10:05]} 10. Nxe4
{[%clk 1:26:33]} dxe4 {[%clk 1:10:28]} 11. Qg4 {[%clk 1:27:01]} O-O
{[%clk 1:04:34]} 12. Qxe4 {[%clk 1:26:15]} Qxd4 {[%clk 0:57:33]} 13. Bd3
{[%clk 1:24:14]} Qxe4+ {[%clk 0:56:51]} 14. Bxe4 {[%clk 1:24:39]} e5
{[%clk 0:57:09]} 15. b4 {[%clk 1:13:18]} a6 {[%clk 0:48:55]} 16. O-O-O
{[%clk 1:09:43]} Be6 {[%clk 0:48:13]} 17. Kb2 {[%clk 1:09:17]} f5
{[%clk 0:44:51]} 18. Bb1 {[%clk 0:55:18]} Rfd8 {[%clk 0:38:27]} 19. Bc3
{[%clk 0:55:35]} Kf7 {[%clk 0:34:24]} 20. a4 {[%clk 0:55:29]} g6 {[%clk 0:33:49]}
21. f3 {[%clk 0:52:00]} Rd5 {[%clk 0:28:48]} 22. Rxd5 {[%clk 0:49:05]} Bxd5
{[%clk 0:29:12]} 23. Rd1 {[%clk 0:49:33]} Be6 {[%clk 0:21:46]} 24. Rd6
{[%clk 0:46:03]} Ke7 {[%clk 0:21:00]} 25. Bd3 {[%clk 0:44:37]} Ra7
{[%clk 0:15:08]} 26. b5 {[%clk 0:32:07]} axb5 {[%clk 0:15:03]} 27. axb5
{[%clk 0:32:36]} Nd4 {[%clk 0:13:31]} 28. Bb4 {[%clk 0:32:54]} Ra2+
{[%clk 0:11:17]} 29. Kc3 {[%clk 0:33:12]} Kf7 {[%clk 0:04:39]} 30. f4
{[%clk 0:29:44]} Ne2+ {[%clk 0:04:21]} 31. Bxe2 {[%clk 0:30:06]} Rxe2
{[%clk 0:04:43]} 32. Rb6 {[%clk 0:25:48]} Bd5 {[%clk 0:03:29]} 33. fxe5
{[%clk 0:26:14]} Bxg2 {[%clk 0:03:42]} 34. Rf6+ {[%clk 0:26:13]} Kg8
{[%clk 0:03:31]} 35. e6 {[%clk 0:24:44]} Bd5 {[%clk 0:02:53]} 36. c6
{[%clk 0:24:42]} bxc6 {[%clk 0:02:10]} 37. b6 {[%clk 0:22:56]}  1-0

[Event "Iranian Men Championship Final 1399"]
[Site "Tehran"]
[Date "2021.04.08"]
[Round "7"]
[Board "3"]
[White "Nikookar, Mahdi"]
[Black "Daghli, Arash"]
[Result "0-1"]
[WhiteElo "2239"]
[BlackElo "2431"]
[PlyCount "0"]
[EventDate "2021.04.05"]
[EventRounds "15"]
[EventCountry "IRI"]

1. d4 {[%clk 1:21:20]} Nf6 {[%clk 1:30:48]} 2. c4 {[%clk 1:21:44]} c5
{[%clk 1:30:42]} 3. d5 {[%clk 1:21:07]} e6 {[%clk 1:30:57]} 4. Nc3
{[%clk 1:21:30]} exd5 {[%clk 1:31:20]} 5. cxd5 {[%clk 1:21:53]} d6
{[%clk 1:31:42]} 6. e4 {[%clk 1:22:14]} g6 {[%clk 1:32:05]} 7. f4
{[%clk 1:22:13]} Bg7 {[%clk 1:32:27]} 8. Bb5+ {[%clk 1:22:36]} Nfd7
{[%clk 1:32:50]} 9. Be2 {[%clk 1:22:57]} Qh4+ {[%clk 1:32:41]} 10. g3
{[%clk 1:22:10]} Qe7 {[%clk 1:33:09]} 11. Nf3 {[%clk 1:21:58]} O-O
{[%clk 1:33:27]} 12. O-O {[%clk 1:22:12]} Na6 {[%clk 1:32:27]} 13. a3
{[%clk 1:10:34]} Rb8 {[%clk 1:27:26]} 14. Kg2 {[%clk 1:00:39]} Nb6
{[%clk 1:20:41]} 15. Bd3 {[%clk 0:56:44]} c4 {[%clk 1:20:04]} 16. Bc2
{[%clk 0:57:08]} Nc5 {[%clk 1:20:27]} 17. f5 {[%clk 0:57:31]} Nbd7
{[%clk 1:15:20]} 18. Bg5 {[%clk 0:51:39]} Nf6 {[%clk 1:08:36]} 19. e5
{[%clk 0:43:20]} dxe5 {[%clk 1:08:31]} 20. d6 {[%clk 0:43:38]} Qe8
{[%clk 1:06:34]} 21. Bxf6 {[%clk 0:43:53]} Bxf6 {[%clk 1:06:32]} 22. Nd5
{[%clk 0:44:16]} Qd8 {[%clk 1:02:32]} 23. fxg6 {[%clk 0:39:54]} hxg6
{[%clk 1:01:19]} 24. Nd4 {[%clk 0:35:21]} Bg5 {[%clk 1:00:19]} 25. h4
{[%clk 0:34:48]} Qxd6 {[%clk 0:47:32]} 26. Nb5 {[%clk 0:27:57]} Qd7
{[%clk 0:46:41]} 27. Bf5 {[%clk 0:21:03]} Qxb5 {[%clk 0:44:21]} 28. hxg5
{[%clk 0:21:21]} Bxf5 {[%clk 0:40:20]} 29. Rxf5 {[%clk 0:21:02]} Nd3
{[%clk 0:37:57]} 30. Qf3 {[%clk 0:18:33]} Qxb2+ {[%clk 0:38:09]} 31. Kh3
{[%clk 0:18:43]} Kg7 {[%clk 0:38:26]}  0-1